[Event "Medellin Easter op 11th"]
[Site "Medellin"]
[Date "2023.04.05"]
[Round "1"]
[White "Bravo Padilla, Hernan David"]
[Black "Gomez Olivares, Jose David"]
[Result "0-1"]
[WhiteElo "1504"]
[BlackElo "1733"]
[PlyCount "54"]
[EventDate "2023.04.05"]
[EventType "swiss"]
[EventRounds "7"]
[EventCountry "COL"]
[SourceTitle "CBM 213 Extra"]
[Source "ChessBase"]
[SourceDate "2023.05.31"]
[SourceVersion "1"]
[SourceVersionDate "2023.05.31"]
[SourceQuality "1"]

1. d4 d5 2. c4 e6 3. Nf3 Nf6 4. Nc3 a6 5. Bg5 Be7 6. e3 dxc4 7. Bxc4 b5 8. Bd3 c5 9. 0-0 Bb7 10. e4 cxd4 11. Nxd4 0-0 12. Bxf6 Bxf6 13. e5 Be7 14. Nb3 Nc6 15. a3 Qc7 16. f4 Rfd8 17. Qc2 h6 18. Rae1 Rac8 19. Qe2 b4 20. axb4 Nxb4 21. Bb1 Nd5 22. Rc1 Qb6+ 23. Kh1 Qxb3 24. f5 Nxc3 25. bxc3 Bg5 26. Rce1 Rd2 27. Qg4 Bxg2+ 0-1

[Event "Medellin Antioquia 2nd League"]
[Site "Medellin"]
[Date "2021.??.??"]
[Round "5"]
[White "Ramos Ariza, Juan Manuel"]
[Black "Gomez Olivares, Jose David"]
[Result "1-0"]
[WhiteElo "1985"]
[BlackElo "1742"]
[PlyCount "55"]
[EventDate "2021.08.31"]
[EventType "swiss"]
[EventRounds "7"]
[EventCountry "COL"]
[SourceTitle "CBM 204 Extra"]
[Source "ChessBase"]
[SourceDate "2021.11.30"]
[SourceVersion "1"]
[SourceVersionDate "2021.11.30"]
[SourceQuality "1"]

1. e4 c5 2. Nf3 d6 3. d4 cxd4 4. Nxd4 Nf6 5. Nc3 a6 6. Bg5 e6 7. f4 Be7 8. Qf3 Qc7 9. 0-0-0 Nbd7 10. Bd3 b5 11. Rhe1 Bb7 12. a3 h6 13. Bxf6 gxf6 14. Qh5 Nc5 15. f5 e5 16. Ne6 Qc8 17. Nd5 Bxd5 18. exd5 Kd7 19. Qxf7 Qg8 20. Qh5 Rc8 21. Qe2 Bd8 22. b4 Nxd3+ 23. Rxd3 Rh7 24. Rg3 Qf7 25. Qe3 Ke8 26. Rg6 h5 27. Qg3 Rc4 28. Rg8+ 1-0

[Event "Medellin Aristizabal Cup"]
[Site "Medellin"]
[Date "2019.06.23"]
[Round "4"]
[White "Gomez Olivares, Jose David"]
[Black "Perez Arenas, Armando"]
[Result "1-0"]
[WhiteElo "1702"]
[BlackElo "2063"]
[PlyCount "65"]
[EventDate "2019.06.21"]
[EventType "swiss"]
[EventRounds "7"]
[EventCountry "COL"]
[SourceTitle "EXT 2020"]
[Source "ChessBase"]
[SourceDate "2019.10.17"]
[SourceVersion "1"]
[SourceVersionDate "2019.10.17"]
[SourceQuality "1"]

1. d4 d5 2. c4 c6 3. e3 f5 4. Nf3 e6 5. b3 Nf6 6. Be2 Bd6 7. 0-0 Nbd7 8. Ba3 Bxa3 9. Nxa3 0-0 10. Ne5 Nxe5 11. dxe5 Ne4 12. Rc1 Qa5 13. Nb1 dxc4 14. f3 Rd8 15. Qc2 cxb3 16. axb3 Nd2 17. Rfd1 Nxb1 18. Rxd8+ Qxd8 19. Rxb1 Bd7 20. Rd1 Qe7 21. Rd6 Re8 22. Qd2 Bc8 23. b4 h6 24. f4 Qc7 25. Bh5 Re7 26. Rd8+ Kh7 27. Qd6 Rd7 28. Bg6+ Kxg6 29. Qxe6+ Kh7 30. Qg8+ Kg6 31. Qe6+ Kh5 32. Qxf5+ g5 33. Qh3+ 1-0

[Event "Medellin Aristizabal Cup"]
[Site "Medellin"]
[Date "2019.06.22"]
[Round "3"]
[White "Chirivi Castiblanco, Jenny Astrid"]
[Black "Gomez Olivares, Jose David"]
[Result "1-0"]
[WhiteElo "2081"]
[BlackElo "1702"]
[PlyCount "61"]
[EventDate "2019.06.21"]
[EventType "swiss"]
[EventRounds "7"]
[EventCountry "COL"]
[SourceTitle "EXT 2020"]
[Source "ChessBase"]
[SourceDate "2019.10.17"]
[SourceVersion "1"]
[SourceVersionDate "2019.10.17"]
[SourceQuality "1"]

1. d4 d5 2. c4 e6 3. Nc3 Nf6 4. Bg5 c6 5. cxd5 exd5 6. e3 Nbd7 7. Qc2 Be7 8. Bd3 0-0 9. Nge2 Re8 10. 0-0 Nf8 11. Rab1 a5 12. a3 b5 13. Na2 Bb7 14. Nac1 a4 15. Bf5 N6d7 16. Bf4 Nb6 17. Nd3 Nc4 18. Rbd1 g6 19. Bh3 Bc8 20. Bxc8 Qxc8 21. Nc3 Nd7 22. e4 dxe4 23. Nxe4 Bxa3 24. Ne5 Rxe5 25. dxe5 Bxb2 26. Rxd7 a3 27. Nf6+ Kg7 28. Bh6+ Kxh6 29. Rxf7 Qh8 30. Ng4+ Kh5 31. Qe4 1-0

[Event "COL-chB U1800"]
[Site "Antioquia"]
[Date "2018.12.08"]
[Round "5"]
[White "Gomez Olivares, Jose David"]
[Black "Hurtado Henao, Pablo"]
[Result "0-1"]
[WhiteElo "1742"]
[BlackElo "1692"]
[PlyCount "138"]
[EventDate "2018.12.06"]
[EventType "swiss"]
[EventRounds "7"]
[EventCountry "COL"]
[SourceTitle "CBM 190 Extra"]
[Source "ChessBase"]
[SourceDate "2019.07.15"]
[SourceVersion "1"]
[SourceVersionDate "2019.07.15"]
[SourceQuality "1"]

1. d4 d5 2. c4 Nc6 3. e3 Nf6 4. Nc3 Bf5 5. Nf3 e6 6. Be2 dxc4 7. Bxc4 a6 8. a3 Bd6 9. h3 e5 10. dxe5 Nxe5 11. Nxe5 Bxe5 12. 0-0 0-0 13. Qf3 Qc8 14. a4 Rb8 15. e4 Be6 16. Nd5 Bxd5 17. exd5 b5 18. axb5 axb5 19. Bb3 Ra8 20. Bf4 Bxf4 21. Qxf4 Ne8 22. Rac1 Nd6 23. Rc6 Ra6 24. Rfc1 Rxc6 25. Rxc6 Re8 26. Qc1 Qd8 27. Rxc7 Nc4 28. Rxc4 bxc4 29. Qxc4 Re1+ 30. Kh2 Qd6+ 31. g3 h6 32. Qc6 Qf6 33. Qxf6 gxf6 34. Ba4 Re2 35. Kg2 Rxb2 36. Kf3 Rb4 37. Bc6 Kf8 38. g4 Ke7 39. Kg3 f5 40. gxf5 Kf6 41. Be8 Rd4 42. f4 Rxd5 43. Kg4 Rxf5 44. Bxf7 Rc5 45. Bh5 Rc1 46. Kf3 Re1 47. Kf2 Re4 48. Kf3 Rb4 49. Ke3 Rb5 50. Bf3 h5 51. Be4 Rb3+ 52. Bd3 h4 53. Kd2 Ra3 54. Ke3 Rb3 55. Kd4 Rb2 56. Ba6 Kf5 57. Bc8+ Kxf4 58. Kd3 Rb8 59. Bg4 Re8 60. Kd2 Kg3 61. Kd3 Kf2 62. Kd4 Re3 63. Bd7 Re1 64. Bg4 Rg1 65. Bc8 Kf3 66. Kd3 Rd1+ 67. Kc2 Rd8 68. Bf5 Kf2 69. Bg4 Re8 0-1

[Event "Medellin Raza op 8th"]
[Site "Medellin"]
[Date "2018.10.07"]
[Round "6"]
[White "Gomez Olivares, Jose David"]
[Black "Nino, Juan Camilo"]
[Result "0-1"]
[WhiteElo "1742"]
[BlackElo "2065"]
[PlyCount "54"]
[EventDate "2018.10.04"]
[EventType "swiss"]
[EventRounds "7"]
[EventCountry "COL"]
[SourceTitle "CBM 186 Extra"]
[Source "ChessBase"]
[SourceDate "2018.08.24"]
[SourceVersion "1"]
[SourceVersionDate "2018.08.24"]
[SourceQuality "1"]

1. d4 Nf6 2. c4 e6 3. Nc3 Bb4 4. Qc2 c5 5. dxc5 Na6 6. a3 Bxc3+ 7. Qxc3 Nxc5 8. b4 Nce4 9. Qc2 d5 10. f3 Nd6 11. e3 Nxc4 12. Bxc4 dxc4 13. Qxc4 Bd7 14. Bb2 Rc8 15. Qb3 0-0 16. Ne2 Bb5 17. Nd4 Bc4 18. Qd1 Nd5 19. Kf2 Qh4+ 20. g3 Qh6 21. Qe1 f5 22. e4 fxe4 23. Bc1 Qf6 24. Qxe4 e5 25. Ne2 Bxe2 26. Qxe2 Rc2 27. Bd2 e4 0-1

[Event "Antioquia op-B"]
[Site "Medellin"]
[Date "2018.04.29"]
[Round "5"]
[White "Gomez Olivares, Jose David"]
[Black "Florez, Santiago"]
[Result "1-0"]
[WhiteElo "1758"]
[BlackElo "1596"]
[PlyCount "101"]
[EventDate "2018.04.25"]
[EventType "swiss"]
[EventRounds "7"]
[EventCountry "COL"]
[SourceTitle "CBM 184 Extra"]
[Source "ChessBase"]
[SourceDate "2018.06.28"]
[SourceVersion "1"]
[SourceVersionDate "2018.06.28"]
[SourceQuality "1"]

1. d4 d5 2. c4 e6 3. Nc3 Nf6 4. cxd5 exd5 5. Bg5 Be7 6. Qc2 0-0 7. e3 c6 8. Bd3 Nbd7 9. Nge2 h6 10. Bh4 Re8 11. f3 Nh5 12. Bf2 Bb4 13. 0-0 Nf8 14. a3 Bxc3 15. bxc3 Ne6 16. c4 Qg5 17. cxd5 Qxd5 18. Be4 Qg5 19. Kh1 Nf6 20. Bf5 Nf4 21. Ng3 Bxf5 22. Qxf5 Qxf5 23. Nxf5 Nd3 24. Bh4 Nd5 25. e4 Nb6 26. Nd6 Reb8 27. f4 f6 28. Rab1 c5 29. Rf3 Rd8 30. e5 c4 31. Bg3 Rd7 32. f5 Rad8 33. h4 fxe5 34. dxe5 Nc5 35. Re1 Nc8 36. Nxc4 Rd3 37. Ree3 Rxe3 38. Rxe3 b5 39. Nd6 Nxd6 40. exd6 Nb7 41. Re6 Nc5 42. Re7 a6 43. Be5 Nd3 44. Rxg7+ Kf8 45. Rh7 Re8 46. Bg7+ Kg8 47. Rh8+ Kf7 48. Rxe8 Kxe8 49. Bxh6 Nf2+ 50. Kg1 Ne4 51. Bf4 1-0

[Event "Antioquia op-B"]
[Site "Medellin"]
[Date "2018.04.28"]
[Round "4"]
[White "Gomez Rondon, Samuel"]
[Black "Gomez Olivares, Jose David"]
[Result "1-0"]
[WhiteElo "1513"]
[BlackElo "1758"]
[PlyCount "47"]
[EventDate "2018.04.25"]
[EventType "swiss"]
[EventRounds "7"]
[EventCountry "COL"]
[SourceTitle "CBM 184 Extra"]
[Source "ChessBase"]
[SourceDate "2018.06.28"]
[SourceVersion "1"]
[SourceVersionDate "2018.06.28"]
[SourceQuality "1"]

1. e4 c6 2. Nf3 d5 3. Nc3 Bg4 4. exd5 cxd5 5. h3 Bh5 6. d4 a6 7. g4 Bg6 8. Bg2 e6 9. Be3 Nc6 10. Ne5 Nxe5 11. dxe5 Bb4 12. Bd4 Qc7 13. 0-0 Ne7 14. a3 Bc5 15. f4 Bxc2 16. Qd2 Bxd4+ 17. Qxd4 Nc6 18. Qf2 Bb3 19. Rfe1 0-0 20. f5 Nxe5 21. f6 Nd3 22. Qd2 Qb6+ 23. Kh1 Nxe1 24. Qg5 1-0

[Event "Medellin Aristizabal Cup"]
[Site "Medellin"]
[Date "2017.09.08"]
[Round "3"]
[White "Castaneda Jimenez, Jhon David"]
[Black "Gomez Olivares, Jose David"]
[Result "1-0"]
[WhiteElo "2186"]
[BlackElo "1752"]
[PlyCount "65"]
[EventDate "2017.09.06"]
[EventType "swiss"]
[EventRounds "7"]
[EventCountry "COL"]
[SourceTitle "CBM 180 Extra"]
[Source "ChessBase"]
[SourceDate "2017.10.06"]
[SourceVersion "1"]
[SourceVersionDate "2017.10.06"]
[SourceQuality "1"]

1. d4 Nf6 2. Nf3 g6 3. c4 Bg7 4. Nc3 0-0 5. e4 d6 6. Be2 e5 7. 0-0 Nc6 8. Be3 Nh5 9. d5 Ne7 10. c5 f5 11. cxd6 cxd6 12. Ng5 Nf6 13. f3 Ne8 14. Qb3 Kh8 15. Ne6 Bxe6 16. dxe6 f4 17. Bf2 b6 18. Rac1 g5 19. Rfd1 Rf6 20. Bb5 g4 21. fxg4 f3 22. Bh4 fxg2 23. Bxf6 Nxf6 24. Be2 Bh6 25. Rc2 Nc6 26. Nb5 Nxe4 27. Bf3 Nc5 28. Rxc5 bxc5 29. Bxc6 Rb8 30. Nxd6 Qf8 31. Nf7+ Kg7 32. Qc3 Bf4 33. Nxe5 1-0

[Event "Medellin Flores op 24th"]
[Site "Medellin"]
[Date "2017.08.06"]
[Round "7"]
[White "Gomez Olivares, Jose David"]
[Black "Pai, Juan David"]
[Result "0-1"]
[WhiteElo "1714"]
[BlackElo "1921"]
[PlyCount "79"]
[EventDate "2017.08.03"]
[EventType "swiss"]
[EventRounds "9"]
[EventCountry "COL"]
[SourceTitle "CBM 179 Extra"]
[Source "ChessBase"]
[SourceDate "2017.08.23"]
[SourceVersion "1"]
[SourceVersionDate "2017.08.23"]
[SourceQuality "1"]

1. d4 Nf6 2. c4 e6 3. Nc3 d5 4. cxd5 exd5 5. Bg5 Nbd7 6. e3 Be7 7. Bd3 h6 8. Bh4 0-0 9. Nge2 Re8 10. 0-0 c5 11. dxc5 Nxc5 12. Bb5 Bd7 13. Bxd7 Qxd7 14. Nd4 Rad8 15. f3 g5 16. Bf2 Bf8 17. Qc2 Ne6 18. Nce2 Rc8 19. Qd2 Nxd4 20. Nxd4 Bg7 21. Rac1 a6 22. Rxc8 Rxc8 23. Rc1 Ne8 24. Rxc8 Qxc8 25. g4 Nd6 26. b3 Bxd4 27. Qxd4 Qe6 28. a4 b5 29. Bg3 Nc8 30. axb5 axb5 31. Be1 f6 32. Bb4 Kf7 33. Kf2 Ne7 34. Qc5 Nc6 35. Qxb5 d4 36. Qb7+ Kg6 37. Bc5 Qxe3+ 38. Kg3 Qe5+ 39. Kg2 Qxc5 40. Qc8 0-1

[Event "Medellin Flores op 24th"]
[Site "Medellin"]
[Date "2017.08.05"]
[Round "4"]
[White "Chaverra, Nilo"]
[Black "Gomez Olivares, Jose David"]
[Result "0-1"]
[WhiteElo "2050"]
[BlackElo "1714"]
[PlyCount "57"]
[EventDate "2017.08.03"]
[EventType "swiss"]
[EventRounds "9"]
[EventCountry "COL"]
[SourceTitle "CBM 179 Extra"]
[Source "ChessBase"]
[SourceDate "2017.08.23"]
[SourceVersion "1"]
[SourceVersionDate "2017.08.23"]
[SourceQuality "1"]

1. b3 e5 2. Bb2 d6 3. e3 Nf6 4. Nc3 g6 5. Nf3 Bg7 6. Be2 0-0 7. d4 e4 8. Nd2 Re8 9. Nf1 Nbd7 10. g4 Nf8 11. g5 N6d7 12. h4 c6 13. Qd2 b5 14. 0-0-0 a5 15. Ng3 d5 16. a4 bxa4 17. Nxa4 Nb6 18. Nc5 Ne6 19. f4 exf3 20. Bxf3 a4 21. e4 a3 22. Bc3 dxe4 23. Ngxe4 Nd5 24. Nxe6 Bxe6 25. Nc5 Bf5 26. Bxd5 Qxd5 27. h5 gxh5 28. Qf4 Re2 29. Rh2 0-1

[Event "Medellin Flores op 24th"]
[Site "Medellin"]
[Date "2017.08.04"]
[Round "3"]
[White "Carvajal, Jorge Ivan"]
[Black "Gomez Olivares, Jose David"]
[Result "1-0"]
[WhiteElo "2033"]
[BlackElo "1714"]
[PlyCount "33"]
[EventDate "2017.08.03"]
[EventType "swiss"]
[EventRounds "9"]
[EventCountry "COL"]
[SourceTitle "CBM 179 Extra"]
[Source "ChessBase"]
[SourceDate "2017.08.23"]
[SourceVersion "1"]
[SourceVersionDate "2017.08.23"]
[SourceQuality "1"]

1. e4 c6 2. d3 d5 3. Nd2 dxe4 4. dxe4 g6 5. Ngf3 Bg7 6. Bc4 Bg4 7. Bxf7+ Kxf7 8. Ng5+ Ke8 9. Qxg4 Nf6 10. Qe6 Rf8 11. e5 Bh6 12. Nc4 Qd7 13. exf6 Bxg5 14. Qxd7+ Nxd7 15. Bxg5 exf6 16. Be3 b6 17. 0-0-0 1-0

[Event "Medellin Easter op"]
[Site "Medellin"]
[Date "2015.??.??"]
[Round "3"]
[White "Pulido, Diana Marcela"]
[Black "Gomez Olivares, Jose David"]
[Result "1/2-1/2"]
[WhiteElo "1981"]
[BlackElo "1606"]
[PlyCount "100"]
[EventDate "2015.04.01"]
[EventType "swiss"]
[EventRounds "9"]
[EventCountry "COL"]
[SourceTitle "CBM 165 Extra"]
[Source "ChessBase"]
[SourceDate "2015.04.21"]
[SourceVersion "1"]
[SourceVersionDate "2015.04.21"]
[SourceQuality "1"]

1. e4 d6 2. Nc3 Nf6 3. Bc4 g6 4. Nf3 Bg7 5. d3 c5 6. h3 a6 7. Be3 Nc6 8. a3 b5 9. Ba2 Rb8 10. Qd2 0-0 11. Bh6 a5 12. h4 Bxh6 13. Qxh6 Ng4 14. Qg5 e5 15. Qd2 b4 16. axb4 axb4 17. Nd5 Be6 18. h5 Ra8 19. Ke2 f5 20. hxg6 hxg6 21. exf5 Rxf5 22. Ne3 Nd4+ 23. Kd1 Nxe3+ 24. Qxe3 Rxa2 25. Rxa2 Bxa2 26. Qh6 Qf6 27. Qh7+ Kf8 28. b3 Nxf3 29. gxf3 Rh5 30. Rxh5 Qxf3+ 31. Ke1 Qxh5 32. Qa7 Qh1+ 33. Kd2 Qh6+ 34. Kd1 Qh5+ 35. Kc1 Qh1+ 36. Kd2 Bxb3 37. cxb3 Qf3 38. Qb8+ Ke7 39. Qc7+ Ke6 40. Qc8+ Ke7 41. Qc7+ Ke8 42. Qxd6 Qxf2+ 43. Kd1 Qf1+ 44. Kd2 Qf2+ 45. Kd1 Qf1+ 46. Kd2 Qf4+ 47. Ke2 Qg4+ 48. Kd2 Qf4+ 49. Ke2 Qg4+ 50. Kd2 Qf4+ 1/2-1/2